COLTON GENTRY'S Third Act : (Record no. 203985)
[ view plain ]
| 000 -LEADER | |
|---|---|
| fixed length control field | 02234nam a2200301 i 4500 |
| 003 - CONTROL NUMBER IDENTIFIER | |
| control field | OSt |
| 005 - DATE AND TIME OF LATEST TRANSACTION | |
| control field | 20260427125623.0 |
| 008 - FIXED-LENGTH DATA ELEMENTS--GENERAL INFORMATION | |
| fixed length control field | 260423t20252024nyu erb 000 f eng d |
| 020 ## - INTERNATIONAL STANDARD BOOK NUMBER | |
| International Standard Book Number | 9781538756669 |
| Terms of availability | RM 148.50 |
| Qualifying information | paperback |
| 040 ## - CATALOGING SOURCE | |
| Original cataloging agency | PPAK |
| Language of cataloging | eng |
| Transcribing agency | PPAK |
| Description conventions | rda |
| 082 04 - DEWEY DECIMAL CLASSIFICATION NUMBER | |
| Edition number | 23 |
| Classification number | 813.6 |
| 090 00 - LOCALLY ASSIGNED LC-TYPE CALL NUMBER (OCLC); LOCAL CALL NUMBER (RLIN) | |
| Classification number (OCLC) (R) ; Classification number, CALL (RLIN) (NR) | 813.6 |
| Feature heading | ZEN |
| Feature heading | G |
| 100 1# - MAIN ENTRY--PERSONAL NAME | |
| Personal name | Zentner, Jeff, |
| Relator term | author. |
| 245 10 - TITLE STATEMENT | |
| Title | COLTON GENTRY'S Third Act : |
| Remainder of title | A NOVEL / |
| Statement of responsibility, etc. | JEFF ZENTNER |
| 246 30 - VARYING FORM OF TITLE | |
| Title proper/short title | Colton Gentry's third act : |
| Remainder of title | a novel |
| 250 ## - EDITION STATEMENT | |
| Edition statement | First edition. |
| 264 #1 - PRODUCTION, PUBLICATION, DISTRIBUTION, MANUFACTURE, AND COPYRIGHT NOTICE | |
| Place of production, publication, distribution, manufacture | New York : |
| Name of producer, publisher, distributor, manufacturer | Grand Central Publishing, |
| Date of production, publication, distribution, manufacture, or copyright notice | 2025 |
| Date of production, publication, distribution, manufacture, or copyright notice | ©2024 |
| 300 ## - PHYSICAL DESCRIPTION | |
| Extent | 389 pages ; |
| Dimensions | 20 cm |
| 336 ## - CONTENT TYPE | |
| Content type term | text |
| Source | rdacontent |
| 337 ## - MEDIA TYPE | |
| Media type term | unmediated |
| Source | rdamedia |
| 338 ## - CARRIER TYPE | |
| Carrier type term | volume |
| Source | rdacarrier |
| 520 ## - SUMMARY, ETC. | |
| Summary, etc. | "Colton Gentry is riding high. His first hit in nearly a decade has caught fire, he's opening for country megastar Brant Lucas, and he's married to one of the hottest acts in the country. But he's hurting. Only a few weeks earlier, his best friend Duane was murdered onstage by a mass shooter at a country music festival. One night, with his trauma festering and Jim Beam flowing through his veins, Colton stands before a sold-out arena crowd of country music fans and offers his unfiltered opinion on guns. It goes over poorly. Immediately, his career and marriage implode. Left with few choices or funds, he leaves rehab and retreats to his rural Kentucky hometown to move back in with his mom. He's resigned himself to has-been-dom until a chance encounter at his town's new farm-to-table restaurant gives him a second shot at life: a job working in the kitchen with Luann, his first love, who has undergone her own reinvention. Told through perspectives alternating between his senior year of high school, his time coming up with Duane as hungry musicians in Nashville, and the present, COLTON GENTRY'S THIRD ACT is a story of coming home, undoingpast heartbreaks, navigating grief, and a reminder that there are next acts in life, no matter how remote they may seem"-- |
| Assigning source | Provided bypublisher |
| 650 10 - SUBJECT ADDED ENTRY--TOPICAL TERM | |
| Topical term or geographic name entry element | Best friends |
| General subdivision | Death |
| Form subdivision | Fiction |
| Topical term or geographic name entry element | Country musicians |
| Geographic subdivision | Tennessee |
| -- | Nashville |
| Form subdivision | Fiction |
| Topical term or geographic name entry element | First loves |
| Form subdivision | Fiction |
| 942 ## - ADDED ENTRY ELEMENTS (KOHA) | |
| Source of classification or shelving scheme | Dewey Decimal Classification |
| Koha item type | Book |
| Withdrawn | Not for loan | Current library | Shelving location | Date acquired | Total Checkouts | Full call number | Barcode | Date last seen | Koha item type |
|---|---|---|---|---|---|---|---|---|---|
| Perpustakaan Alor Setar | Pinjaman Dewasa | 27/04/2026 | 813.6 ZEN | A01915291 | 27/04/2026 | Book |